002180000a220007300045001000026000002450034000263000037000607730047000971 aBrooks, Simcha Shalom10aSaul and the Samson narrative aNúm 71 (1996), Páginas 19-250 tJournal for the Study of the Old Testament